000 00482nam a2200181Ia 4500
005 20250923144504.0
008 008 250917s9999 xx 000 0 eng d
037 _aTextual
040 _aDSWL
_beng
_cDSWL
041 _aeng
_2eng
084 _qDSWL
245 0 _a part I-C house hold & age table
_cby Census of India 1953
260 _aNagpur
_bGovt.of Printing Nagpur
_c1953
300 _avi,335p.
490 _vVol-VII
942 _cTEXL
999 _c1439519
_d1439519